LEADER 01045nam a2200277 i 4500 001 000000192415 003 CaOOAMICUS 005 20240409111700.0 008 150805s1930 it u000 u ita u 013 $a170994 040 $aSeMil$bita 100 1 $aMarino, Giovan Battista,$d<1569-1625>.$0(OLS)http://semarc/name/360 245 12$aL'Adone /$cG. B. Marino. 260 $aMilano :$bSonzogno,$cstampa 1930. 300 $a316 p. ;$c18 cm. 490 0 $aBiblioteca classica economica ;$v69 500 $aFondo card. Giovanni Colombo. 650 04$aMarino, Giovan Battista <1569-1625> - Opere.$0(OLS)http://semarc/subject/27002 830 0$aBiblioteca classica economica ;$v69.$0(OLS)http://semarc/title/8379 850 $aSeMil 852 $aSeMil$W1$xVenegono$y1$m3GC II 317$j142990$B142990$CSeMilBibl$Z2$F154363 $8B 941 1 $a3 961 $aLascito: Colombo Card. Giovanni 996 $6245$aL'Adone$9(OLS)http://semarc/title/277325 996 $6260$aMilano :$bSonzogno$9(OLS)http://semarc/publisher/31743 LEADER 01371nam a2200289 i 4500 001 000000040638 003 CaOOAMICUS 005 20131203000000.0 008 131203s1992 it u000 u ita u 013 $a11808 020 $a88-311-1011-X 040 $aSeMil$bita 100 0 $aEckhart,$c.$0(OLS)http://semarc/name/89129 245 10$aCommento al Vangelo di Giovanni /$cMeister Eckhart ; introduzione, traduzione, note e indici a cura di Marco Vannini. 260 $aRoma :$bCittà Nuova,$ccopyr. 1992. 300 $a484 p. ;$c22 cm. 490 0 $aFonti cristiane per il terzo millennio ;$v8 650 4$aBibbia. Nuovo Testamento. Vangelo secondo Giovanni - Commentari, studi, critica, interpretazioni.$0(OLS)http://semarc/subject/119 650 4$aLetteratura cristiana - Medioevo.$0(OLS)http://semarc/subject/1143 700 1 $aVannini, Marco,$d<1948- >.$0(OLS)http://semarc/name/3166 830 0$aFonti cristiane per il terzo millennio ;$v8.$0(OLS)http://semarc/title/162 850 $aSeMil 852 $aSeMil$W1$xVenegono$y1$m2N II 208$j6793$B6793$CSeMilBibl$Z2$F6793 $81 961 $aAcquisto: Città Nuova 996 $6020$a88-311-1011-X$9(OLS)http://semarc/number/10959 996 $6245$aCommento al Vangelo di Giovanni$9(OLS)http://semarc/title/901 996 $6260$aRoma :$bCittà Nuova$9(OLS)http://semarc/publisher/29609